000 00666nam a22002177a 4500
005 20170124110206.0
010 _aB-167087
020 _c400.00
035 _aB-167087
037 _bCen Lib/Ret
040 _aDPL
_bEN
082 _a004.5620
_bMUL
245 _aMulti application smart cards /
_cedited by S. Swarn [and] G.S. Rao
260 _aDelhi
_bAjanta Books International
_c2004
270 _a1 UB jawahar nagar, bunglow road
_bDelhi
_e110007
300 _a260p.:
_c21cm(Hb)
_bill.
650 _aComputer science
_974529
650 _aApplication software
_921457
700 _aRao, G.S.
_974530
942 _2ddc
_cEN
_h004.5620
_mMUL
999 _c133251
_d133251